|
|
|
|
| LEADER |
00000nam0a2200000 4500 |
| 001 |
116250 |
| 005 |
20231101215321.0 |
| 010 |
|
|
|a 5253000828
|
| 020 |
|
|
|a RU
|b 90-66914
|
| 035 |
|
|
|a (RuTPU)RU\TPU\book\125804
|
| 090 |
|
|
|a 116250
|
| 100 |
|
|
|a 20070518d1990 m y0rusy5003 ca
|
| 101 |
0 |
|
|a rus
|
| 102 |
|
|
|a RU
|
| 105 |
|
|
|a a z 000ay
|
| 200 |
1 |
|
|a Три страны света
|e Роман
|f Н. А. Некрасов
|g авт. предисл. М. Н. Зубков; худож. С. П. Вечер
|
| 210 |
|
|
|a Москва
|c Правда
|d 1990
|
| 215 |
|
|
|a 765,[2] с.
|d 21 см
|c ил.
|
| 610 |
1 |
|
|a русская литература
|
| 610 |
1 |
|
|a романы
|
| 610 |
1 |
|
|a Россия
|
| 610 |
2 |
|
|a 19 век
|
| 675 |
|
|
|a Р1
|z rus
|v 3
|
| 700 |
|
1 |
|a Некрасов
|b Н. А.
|c русский поэт
|f 1821-1877/1878
|g Николай Алексеевич
|2 stltpush
|3 (RuTPU)RU\TPU\pers\331
|9 161
|
| 702 |
|
1 |
|a Зубков
|b М. Н.
|4 080
|
| 702 |
|
1 |
|a Вечер
|b С. П.
|4 440
|
| 801 |
|
0 |
|a RU
|b RuMRKP
|c 19950417
|g psbo
|
| 801 |
|
1 |
|a RU
|b 63413507
|c 20070518
|g PSBO
|
| 801 |
|
2 |
|a RU
|b 63413507
|c 20070822
|g PSBO
|
| 942 |
|
|
|c BK
|